000 00482nam a22001817a 4500
005 20180209120041.0
008 160523b xxu||||| |||| 00| 0 eng d
020 _a978-81-317-1625-0
041 _aeng
082 _b4433
_a005.74
100 _aElmasri, Ramez & Nautha, Shamkant B
_94132
245 _a fundamentals of Data Base System
250 _a5th ed.
260 _aNew Delhi
_bAcademic Faundation
300 _a1062
650 _aInformation Technology
_9137
942 _cBK
999 _c1473
_d1473